Statistiken für Berühmte Seen Quiz

Klicken Sie hier um das Quiz zu spielen!

Allgemein

  • Dieses Quiz wurde 1.540 mal gespielt
  • Das Durchschnittsergebnis liegt bei 11 aus 20

Antwortstatistiken

HinweisSee% Korrekt
Berühmtester See in SchottlandLoch Ness
89%
Größter See in Afrika (Fläche)Victoriasee
85%
Drei-Länder-See, "Schwäbisches Meer"Bodensee
85%
Grenzt an ChicagoMichigansee
76%
Hoch gelegener See zwischen
Bolivien und Peru
Titicacasee
74%
Salziger See, 428 m unter dem
Meeresspiegel
Totes Meer
74%
Größter Süßwassersee
(nach Volumen)
Baikalsee
73%
See in der Schweiz und FrankreichGenfersee
71%
Größter See der WeltKaspisches Meer
69%
Größter ungarischer SeePlattensee
63%
Israelischer See auf welchem
Jesus über Wasser lief
See Genezareth
55%
Grenzt an TorontoOntariosee
53%
Größter Süßwassersee
(nach Fläche)
Oberer See
48%
Wurde durch
Mormonenpioniere besiedelt
Großer Salzsee
40%
See in der Lombardei,
berühmt für seine Villen
Comer See
39%
Größter See, der ganz in Kanada liegtGroßer Bärensee
29%
Größter See Zentralamerikas, befallen
von Süßwasserhaien
Nicaraguasee
28%
Afrikanischer See -drittgrößter
der Welt nach Volumen
Tanganyikasee
26%
Größter See Schottlands (nach Fläche)Loch Lomond
21%
Zwischen Kalifornien und NevadaLake Tahoe
16%

Verteilung der Resultate

Perzentil nach korrekt beantworteten Fragen

Anzahl Personen mit jedem Resultat

Ihre Resultats-Entwicklung

Sie haben dieses Quiz noch nicht gespielt